| 000 | 00641nam a2200229Ia 4500 | ||
|---|---|---|---|
| 008 | 160901s9999 xx 000 0 und d | ||
| 020 | _a0-321-31251-1 | ||
| 050 | _aComSc QA 76.7 | ||
| 050 | _b.S43 2005 | ||
| 100 | _aSebesta, Robert W. | ||
| 245 | _aConcepts of programming languages / | ||
| 245 | _cRobert W. Sebesta. | ||
| 250 | _a7th Edition | ||
| 260 | _aSingapore : | ||
| 260 | _bPearson Educ. Asia Pte. Ltd., | ||
| 260 | _c2006 | ||
| 300 | _a724 pages : | ||
| 300 | _bill. ; | ||
| 300 | _c23 cm. | ||
| 500 | _aIncludes bibliographical references and index. | ||
| 650 | _aProgramming languages (Electronic computers). | ||
| 999 |
_c300780 _d300780 |
||